<?xml version='1.0' encoding='UTF-8'?>
  <record xmlns="http://www.loc.gov/MARC21/slim">
    <leader>00000nem a2200000 i 4500</leader>
    <controlfield tag="001">ocn980373021</controlfield>
    <controlfield tag="003">OCoLC</controlfield>
    <controlfield tag="005">20250719182917.6</controlfield>
    <controlfield tag="008">030904s1830    ne        a     0   dut d</controlfield>
    <datafield tag="040" ind1=" " ind2=" ">
      <subfield code="a">QGJ</subfield>
      <subfield code="b">dut</subfield>
      <subfield code="c">QGJ</subfield>
      <subfield code="d">OCLCL</subfield>
      <subfield code="d">OCLCQ</subfield>
    </datafield>
    <datafield tag="035" ind1=" " ind2=" ">
      <subfield code="a">(OCoLC)980373021</subfield>
    </datafield>
    <datafield tag="084" ind1=" " ind2=" ">
      <subfield code="a">74.20</subfield>
      <subfield code="2">bcl</subfield>
    </datafield>
    <datafield tag="100" ind1="1" ind2=" ">
      <subfield code="a">Brillenburg, Janus Marius.</subfield>
    </datafield>
    <datafield tag="245" ind1="1" ind2="0">
      <subfield code="a">Hoogheemraadschap van Schieland /</subfield>
      <subfield code="c">naar de kaart van J.A. Scholten Hz. door J. M. Brillenburg ; lithografie van A.M. Abrahams te 's Hage.</subfield>
    </datafield>
    <datafield tag="255" ind1=" " ind2=" ">
      <subfield code="a">Schaal [ca. 1:60.000].</subfield>
    </datafield>
    <datafield tag="264" ind1=" " ind2="1">
      <subfield code="a">[Plaats van uitgave niet vastgesteld] :</subfield>
      <subfield code="b">[uitgever niet vastgesteld],</subfield>
      <subfield code="c">[[1830]</subfield>
    </datafield>
    <datafield tag="300" ind1=" " ind2=" ">
      <subfield code="a">1 krt. :</subfield>
      <subfield code="b">steendruk ;</subfield>
      <subfield code="c">29 x 48 cm</subfield>
    </datafield>
    <datafield tag="336" ind1=" " ind2=" ">
      <subfield code="a">cartografische afbeelding</subfield>
      <subfield code="b">cri</subfield>
      <subfield code="2">rdacontent/dut</subfield>
    </datafield>
    <datafield tag="337" ind1=" " ind2=" ">
      <subfield code="a">zonder medium</subfield>
      <subfield code="b">n</subfield>
      <subfield code="2">rdamedia/dut</subfield>
    </datafield>
    <datafield tag="338" ind1=" " ind2=" ">
      <subfield code="a">vel</subfield>
      <subfield code="b">nb</subfield>
      <subfield code="2">rdacarrier/dut</subfield>
    </datafield>
    <datafield tag="500" ind1=" " ind2=" ">
      <subfield code="a">Verschenen in: De collegio aggerum Schielandiae (Hoogheemraadschap van Schieland) / J.M. Brillenburg. - Lugduni Batavorum : apud S. et J. Luchtmans, 1830.</subfield>
    </datafield>
    <datafield tag="500" ind1=" " ind2=" ">
      <subfield code="a">Het noorden rechtsboven.</subfield>
    </datafield>
    <datafield tag="650" ind1=" " ind2="7">
      <subfield code="a">Hoogheemraadschap van Schieland.</subfield>
      <subfield code="0">(NL-LeOCL)266561241.</subfield>
      <subfield code="2">gtt</subfield>
    </datafield>
    <datafield tag="651" ind1=" " ind2="7">
      <subfield code="a">Schieland (regio)</subfield>
      <subfield code="0">(NL-LeOCL)095960090.</subfield>
      <subfield code="2">gtt</subfield>
    </datafield>
    <datafield tag="655" ind1=" " ind2="7">
      <subfield code="a">Kaarten (vorm)</subfield>
      <subfield code="0">(NL-LeOCL)088143554.</subfield>
      <subfield code="2">gtt</subfield>
    </datafield>
    <datafield tag="700" ind1="1" ind2=" ">
      <subfield code="a">Abrahams, A. M.</subfield>
    </datafield>
    <datafield tag="758" ind1=" " ind2=" ">
      <subfield code="a">Hoogheemraadschap van Schieland (CartographicMaterial)</subfield>
      <subfield code="1">https://id.oclc.org/worldcat/entity/E39PCH6T8TffJ33Jmk9HtDRPYq</subfield>
      <subfield code="4">https://id.oclc.org/worldcat/ontology/hasWork</subfield>
    </datafield>
    <datafield tag="936" ind1=" " ind2=" ">
      <subfield code="a">BATCHLOAD</subfield>
    </datafield>
  </record>